000 00414cam a22001217a 4500
008 180718b1965 xxu||||| |||| 00| 0 eng d
082 _aF5x744 M38
100 _aUnited States. Massachusetts Crime Commission
245 _aComprehensive report of the Massachusetts crime commission (fifth report)
260 _aMassachusetts
_bThe author
_c1965
300 _a2v.
500 _aContents: v.1. Comprehensive report. 78p.
999 _c489220
_d489220